000
00283nam a22001217a 4500
008
170530b xxu||||| |||| 00| 0 eng d
041
_a
eng
080
_a
94(100)
100
_a
17
101
_a
SHH
245
_a
THEUNITED STATES IN ITS WORLD RELATIONS
_c
BARCK,O.TH
942
_2
udc
_c
BK
999
_c
15032
_d
15032